| 000 | 00492nam a2200181Ia 4500 | ||
|---|---|---|---|
| 005 | 20250508162559.0 | ||
| 008 | 008 250505s9999 xx 000 0 eng d | ||
| 037 | _aTextual | ||
| 040 |
_aFEDL _beng _cFEDL |
||
| 041 |
_aeng _2eng |
||
| 084 |
_a418, PAT _qFEDL |
||
| 100 | _aPattanayak D P | ||
| 245 | 0 | _aAspects of applied linguistics | |
| 260 |
_aBombay, India _bAsia Publishing House _c1969 |
||
| 300 | _ax,105p. | ||
| 942 |
_cTEXL _h418, PAT |
||
| 999 |
_c1377442 _d1377442 |
||